The double burden of malnutrition : Case studies from six developing countries
Đã lưu trong:
| 格式: | 圖書 |
|---|---|
| 語言: | Undetermined |
| 出版: |
Rome
FAO
2006
|
| 主題: | |
| 標簽: |
添加標簽
沒有標簽, 成為第一個標記此記錄!
|
| Thư viện lưu trữ: | Trung tâm Học liệu Trường Đại học Cần Thơ |
|---|
| LEADER | 00476nam a2200181Ia 4500 | ||
|---|---|---|---|
| 001 | CTU_104938 | ||
| 008 | 210402s9999 xx 000 0 und d | ||
| 082 | |a 616.39095 | ||
| 082 | |b D727 | ||
| 245 | 4 | |a The double burden of malnutrition : | |
| 245 | 0 | |b Case studies from six developing countries | |
| 260 | |a Rome | ||
| 260 | |b FAO | ||
| 260 | |c 2006 | ||
| 650 | |a Malnutrition | ||
| 650 | |z Asia | ||
| 904 | |i Minh | ||
| 980 | |a Trung tâm Học liệu Trường Đại học Cần Thơ | ||